00345 a2200109 4500001001000000005001700010008004100027245008000068100002000148773005000168999001700218ART_3128520260410161840.0260409a 10aLa excepción de inexistencia de deuda en el proceso de ejecución fiscal1 aTulia, Mauro A.0 tRAPg- Año 36, Nº 423 (dic. 2013)wREV5941 c24022d24022